History Quiz

Random History or Letter Quiz

US History Image Timeline Quiz Stats

 Plays Quiz Updated Jun 10, 2019

Score 0/11 Timer 05:00
1 Play Today
% Correct
???
93.6%
???
91.5%
???
88.9%
???
87.1%
???
85.9%
???
82%
???
79.1%
???
75.6%
???
69.9%
???
65.4%
???
64.4%

You're not logged in!

Compare scores with friends on all Sporcle quizzes.
OR
Log In

Sporcle TV

Today on Sporcle TV


Watch our educational content, quiz creation guides, and fun videos on Sporcle TV.

Show Comments

Extras

Top Quizzes Today


Score Distribution

Your Account Isn't Verified!

In order to create a playlist on Sporcle, you need to verify the email address you used during registration. Go to your Sporcle Settings to finish the process.

Report this User

Report this user for behavior that violates our Community Guidelines.

Details: